| 000 | 00473 a2200169 4500 | ||
|---|---|---|---|
| 003 | ulcusat | ||
| 005 | 20260319152658.0 | ||
| 008 | 260317b |||||||| |||| 00| 0 eng d | ||
| 020 | _a9789364876100 | ||
| 080 |
_aFM _bAKH/RA |
||
| 100 | _aAkhil P. Dharmajan | ||
| 245 | _aRathri panthrandinu sesham(രാത്രി 12നു ശേഷം) | ||
| 260 |
_bD C books. _aKottayam. _c2026. |
||
| 300 | _a304p. | ||
| 653 | _aFiction-Novel-Malayalam literature | ||
| 942 | _cBK | ||
| 999 |
_c115351 _d115350 |
||